Countries That Don't Exist Anymore - Statistics

General Stats
  • This quiz has been taken 238 times
  • The average score is 31 of 40
Answer Stats
Former Country Modern Country % Correct
East Germany Germany
97%
West Germany Germany
97%
Prussia Germany
97%
Czechoslovakia Czechia
95%
Slovakia
93%
Ottoman Empire (at point of collapse) Turkey
91%
Russia
89%
Soviet Union Russia
89%
Lithuania
85%
Lithuania
85%
Poland
85%
Serbia
84%
Ukraine
84%
Croatia
83%
Belarus
82%
Bosnia & Herzegovina
82%
Estonia
82%
Latvia
82%
Kazakhstan
81%
North Macedonia
80%
Yugoslavia Slovenia
78%
Montenegro
77%
Georgia
76%
Armenia
75%
Azerbaijan
75%
Kosovo
75%
Mali Federation Mali
74%
Uzbekistan
74%
Kyrgyzstan
73%
Turkmenistan
72%
Tajikistan
71%
Moldova
70%
Vermont United States of America
70%
Newfoundland Canada
68%
Mesopotamia Iraq
68%
Zanzibar Tanzania
64%
Tanganyika Tanzania
64%
Burkina Faso
51%
Senegal
46%
Benin
39%
No matching quizzes found
Score Distribution
Percent of People with Each Score
Percentile by Number Answered
Your Score History
You have not taken this quiz